| 000 | 00394nam a22001457a 4500 | ||
|---|---|---|---|
| 003 | OSt | ||
| 005 | 20250710191615.0 | ||
| 008 | 250710b |||||||| |||| 00| 0 eng d | ||
| 020 | _a9781598696455 | ||
| 040 | _cacl | ||
| 082 | _a332.0240145 BLI | ||
| 100 | _aBlitz, Dennis | ||
| 245 |
_aSave Smart, Earn More _b: the new rules for retirement investing _cby Dennis Blitz |
||
| 942 |
_2ddc _cENGLISH |
||
| 999 |
_c575423 _d575423 |
||